000 01068cam a22003017a 4500
003 CHAP
005 20220329140139.0
008 971013s1977 r 00010 d
010 _a47669
011 _a48641
035 _a52787
040 _cCHAP
090 _aFolleto 4308
100 0 0 _aPérez Muñoz, José Luis.
_989874
245 0 _aAplicaciones del método de amortización mediante pagos constantes en el crédito agropecuario
260 _aMéxico :
_bFondo de Garantía y Fometo para la Agricultura, Ganadería y Avicultura,
_c1977
300 _a52 p.
590 _aBATCH-UPD
_b10
_c20130110
_lUCH01
_h0950
590 _aBATCH-UPD
_b10
_c20130410
_lUCH01
_h0604
590 _aBATCH-UPD
_b10
_c20130914
_lUCH01
_h0323
590 _aCONVERSION
_b10
_c20130109
_lUCH01
_h1326
650 1 4 _aAmortizaciones.
_95435
650 1 4 _aCrédito agrícola.
_929022
710 0 _aFondo de Garantía y Fomento para la Agricultura, Ganadería y Avicultura. México.
_942107
901 _aBK
942 _cFOLL
949 _aFolleto 4308
_bBC
_cFOLL
_d-117373
_eTS1
_i52787
_mD
_si
999 _c47669
_d47669